'U' Blitz Quiz Stats

Quiz Updated Nov 30, 2016

Also try: 'V' Blitz
Challenge
Share
Tweet
Embed
Score 0/40 Timer 04:00
0 Plays Today
Category Answer % Correct
PlanetUranus
99.1%
US StateUtah
94.5%
RelativeUncle
92.6%
Number 1-10 (Spanish)Uno
90.9%
PrepositionUnder
89.6%
Mythical AnimalUnicorn
84.6%
South American CountryUruguay
81.5%
North American CountryUnited States
80%
Pixar FilmsUp
78%
Type of LightUltraviolet
76.4%
African CountryUganda
75.4%
U.S. President (Forename)Ulysses
74.9%
ElementUranium
73.2%
Arm BoneUlna
70.4%
US Movie StudioUniversal
69.7%
European CountryUkraine
69.4%
Submarine TypeU-boat
63.8%
100m Olympic Champion (First name)Usain
61%
Asian CountryUzbekistan
54.3%
Asian Mountain RangeUral
49.3%
Category Answer % Correct
Disney Animated VillainsUrsula
48.3%
Hogwarts ProfessorUmbridge
47.6%
American Idol WinnerUnderwood
46.6%
Human Body SystemUrinary
43.1%
Hall of Fame NFL QuarterbackUnitas
42.9%
Musical InstrumentUkulele
42.4%
ConstellationUrsa Major
41.6%
Billy Joel hitUptown Girl
39.5%
US Street SuffixesUnderpass
39.1%
Greek LetterUpsilon
35.6%
Star Trek Crew MemberUhura
29.7%
FruitUgli Fruit
29.2%
PopeUrban
28.9%
World Capital CityUlaanbaatar
22.3%
Hans Christian Andersen StoryUgly Duckling
18.9%
Shade of BlueUltramarine
17.3%
LOTR RaceUruk-hai
15.8%
UN Secretary-General U Thant
14.4%
Oscar Best PictureUnforgiven
11.7%
Simpsons Character√úter
6.7%

You're not logged in!

Compare scores with friends on all Sporcle quizzes.
Join for Free
OR
Log In

You Might Also Like...

Show Comments

Extras

Top Quizzes Today


Score Distribution

Your Account Isn't Verified!

In order to create a playlist on Sporcle, you need to verify the email address you used during registration. Go to your Sporcle Settings to finish the process.

Report this User

Report this user for behavior that violates our Community Guidelines.

Details: